Polskie legendy piłkarskie po ich karierze - Statystyki

Ogólne statystyki
  • Ten quiz został rozwiązany 10 200 razy
  • Średni wynik to 6 z 10
Statystyki odpowiedzi
Piłkarz Drużyny % Poprawnych
Robert Lewandowski
97%
Wojciech Szczęsny
93%
Jerzy Dudek
84%
Łukasz Fabiański
82%
Jakub Błaszczykowski
81%
Zbigniew Boniek
66%
Kazimierz Deyna
51%
Grzegorz Lato
35%
Tomasz Frankowski
32%
Włodzimierz Lubański
21%
Nie znaleziono quizów pasujących do podanych kryteriów
Rozkład punktacji
Procent ludzi z każdym wynikiem
Percentyl według liczby udzielonych odpowiedzi
Twoja historia wyników
Nie rozwiązałeś tego quizu